Drupal /

Guía para crear sitios web dinámicos con el sistema de gestión de contenidos de código abierto, Drupal. Contenido: 1. Drupal: una visión general; 2. Arrancando con Drupal; 3. Tablón de anuncios de empleo; 4. Análisis del productos; 5. Wiki; 6. Gestión del proceso de publicación; 7. Galería fotográfi...

Täydet tiedot

Tallennettuna:
Bibliografiset tiedot
Muut tekijät: Byron, Angela (autor) (autor)
Aineistotyyppi: Kirja
Kieli:espanja
Julkaistu: Madrid, España : Anaya Multimedia, 2010, c2010
Aiheet:
Tagit: Lisää tagi
Ei tageja, Lisää ensimmäinen tagi!

MARC

LEADER 00000nam^a2200000^a^4500
001 000313037
005 20250521000000.0
009 20260310113133.558
020 |a 978-84-415-2612-9 
037 |a Acervo ITESO - Biblioteca 
041 |a ESP 
082 |a 621. 382171068  |b DRU 
245 0 0 |a Drupal /  |c A. Byron... [et al.] ; tr. por Pedro Alvarez de Sotomayor. 
264 4 |a Madrid, España :  |b Anaya Multimedia,  |c 2010, c2010 
300 |a 544 p. 
336 |a texto  |b txt  |2 rdacontenido 
337 |a sin mediación  |b n  |2 rdamedio 
338 |a volumen  |b nc  |2 rdasoporte 
520 |a Guía para crear sitios web dinámicos con el sistema de gestión de contenidos de código abierto, Drupal. Contenido: 1. Drupal: una visión general; 2. Arrancando con Drupal; 3. Tablón de anuncios de empleo; 4. Análisis del productos; 5. Wiki; 6. Gestión del proceso de publicación; 7. Galería fotográfica; 8. Sitios web multilingües; 9. Gestión de eventos; 10. Tienda virtual; 11. Tematización del sitio web. 
649 |a XX 
650 |a Información -  |x Administración 
650 |a Diseño de Información -  |x Tema Principal 
650 |a Bases de Datos 
650 |a Páginas en Línea -  |x Diseño y Construcción -  |x Tema Principal 
650 |a Internet 
650 |a Tecnologías de Comunicación e Información 
650 |a Código Abierto (Software) 
650 |a Programación (Software) 
650 |a Desarrollo de Sistemas 
650 |a Ingeniería Computacional 
700 |a Byron, Angela  |e (autor) 
910 |a Fondo General 
920 |a Impresos - Libros 
930 |a Colección General 
905 |a 101 
901 |a 0500199795  |b IT1  |c ACC  |i C128176  |u 20250521 
902 |a https://opac.biblio.iteso.mx/vufind/Record/000313037